Aktuell laufende Soaps im deutschen TV - Statistiken

Allgemein
  • Dieses Quiz wurde 190 mal gespielt
    159 seit der letzten Aktualisierung
  • Das Durchschnittsergebnis liegt bei 3 aus 12
Antwortstatistiken
Soaps im deutschen TV % Korrekt
Gute Zeiten, schlechte Zeiten
85%
Unter uns
67%
Alles was zählt
61%
Lindenstraße
47%
Köln 50667
24%
In aller Freundschaft
22%
Berlin - Tag & Nacht
11%
In aller Freundschaft - Die jungen Ärzte
9%
Schloss Einstein
5%
Dahoam is dahoam
4%
Die Fallers
4%
Spotlight
1%
Keine übereinstimmenden Quizze gefunden
Verteilung der Resultate
Anzahl Personen mit jedem Resultat
Perzentil nach korrekt beantworteten Fragen
Ihre Resultats-Entwicklung
Sie haben dieses Quiz seit der letzten Aktualisierung nicht gespielt